000 00294nam a2200121 a 4500
008 100910s1987|||| d
020 _c36
044 _axo
_cSK
041 _aslo
245 1 0 _aDáma z Monsoreau
100 1 _aDumas, Alexandre
260 _bSlovenský spisovateľ
_aBratislava
_c1987
999 _c10255
_d10255